歴代プリキュアクイズ - Statistics

General Stats
  • This quiz has been taken 93 times
  • The average score is 51 of 88
Answer Stats
ヒント Answer % Correct
ふたりはプリキュア キュアブラック
96%
ふたりはプリキュア キュアホワイト
96%
スマイルプリキュア! キュアサニー
82%
スマイルプリキュア! キュアピース
80%
ハートキャッチプリキュア! キュアマリン
78%
フレッシュプリキュア! キュアピーチ
73%
スマイルプリキュア! キュアハッピー
73%
スマイルプリキュア! キュアマーチ
73%
ドキドキ!プリキュア キュアハート
73%
ひろがるスカイ!プリキュア キュアスカイ
73%
ふたりはプリキュアMax Heart シャイニールミナス
73%
Yes!プリキュア5 キュアアクア
71%
スイートプリキュア♪ キュアメロディ
71%
Yes!プリキュア5 キュアレモネード
69%
Yes!プリキュア5 キュアミント
69%
フレッシュプリキュア! キュアパイン
69%
ハートキャッチプリキュア! キュアブロッサム
69%
スイートプリキュア♪ キュアリズム
69%
ふたりはプリキュアSplash Star キュアイーグレット
67%
Yes!プリキュア5 キュアドリーム
67%
フレッシュプリキュア! キュアベリー
65%
フレッシュプリキュア! キュアパッション
65%
ハピネスチャージプリキュア! キュアプリンセス
65%
スマイルプリキュア! キュアビューティ
63%
ドキドキ!プリキュア キュアエース
63%
魔法つかいプリキュア キュアミラクル
63%
ひろがるスカイ!プリキュア キュアバタフライ
63%
Yes!プリキュア5 キュアルージュ
61%
ハートキャッチプリキュア! キュアサンシャイン
61%
ハートキャッチプリキュア! キュアムーンライト
61%
ドキドキ!プリキュア キュアソード
61%
HUGっと!プリキュア キュアエール
61%
スター☆トゥインクルプリキュア キュアスター
61%
ひろがるスカイ!プリキュア キュアプリズム
61%
ふたりはプリキュアSplash Star キュアブルーム
59%
ドキドキ!プリキュア キュアダイヤモンド
59%
ハピネスチャージプリキュア! キュアラブリー
59%
Go!プリンセスプリキュア! キュアフローラ
59%
Go!プリンセスプリキュア! キュアマーメイド
59%
魔法つかいプリキュア キュアマジカル
59%
キラキラ☆プリキュアアラモード キュアホイップ
59%
キミとアイドルプリキュア♪ キュアアイドル
59%
キラキラ☆プリキュアアラモード キュアショコラ
57%
Yes!プリキュア5GoGo! ミルキィローズ
55%
スイートプリキュア♪ キュアビート
55%
スイートプリキュア♪ キュアミューズ
55%
キラキラ☆プリキュアアラモード キュアカスタード
55%
キラキラ☆プリキュアアラモード キュアマカロン
55%
トロピカル~ジュ!プリキュア キュアサマー
55%
トロピカル~ジュ!プリキュア キュアコーラル
55%
トロピカル~ジュ!プリキュア キュアフラミンゴ
55%
デリシャスパーティ♡プリキュア キュアプレシャス
55%
デリシャスパーティ♡プリキュア キュアヤムヤム
55%
キミとアイドルプリキュア♪ キュアキュンキュン
55%
HUGっと!プリキュア キュアエトワール
53%
ひろがるスカイ!プリキュア キュアウイング
53%
わんだふるぷりきゅあ! キュアワンダフル
53%
キミとアイドルプリキュア♪ キュアウインク
53%
ドキドキ!プリキュア キュアロゼッタ
51%
Go!プリンセスプリキュア! キュアトゥインクル
51%
HUGっと!プリキュア キュアアムール
51%
スター☆トゥインクルプリキュア キュアミルキー
51%
スター☆トゥインクルプリキュア キュアコスモ
51%
キミとアイドルプリキュア♪ キュアズキューン
51%
キミとアイドルプリキュア♪ キュアキッス
51%
ふたりはプリキュアSplash Star キュアウィンディ
49%
ハピネスチャージプリキュア! キュアハニー
49%
キラキラ☆プリキュアアラモード キュアジェラート
49%
ひろがるスカイ!プリキュア キュアマジェスティ
49%
わんだふるぷりきゅあ! キュアニャミー
49%
Go!プリンセスプリキュア! キュアスカーレット
47%
魔法つかいプリキュア キュアフェリーチェ
47%
HUGっと!プリキュア キュアアンジュ
47%
トロピカル~ジュ!プリキュア キュアパパイア
47%
トロピカル~ジュ!プリキュア キュアラメール
47%
デリシャスパーティ♡プリキュア キュアフィナーレ
47%
わんだふるぷりきゅあ! キュアフレンディ
47%
ハピネスチャージプリキュア! キュアフォーチュン
45%
スター☆トゥインクルプリキュア キュアソレイユ
45%
ヒーリングっど♡プリキュア キュアグレース
45%
わんだふるぷりきゅあ! キュアリリアン
45%
HUGっと!プリキュア キュアマシェリ
43%
デリシャスパーティ♡プリキュア キュアスパイシー
43%
ふたりはプリキュアSplash Star キュアブライト
41%
ヒーリングっど♡プリキュア キュアアース
41%
ヒーリングっど♡プリキュア キュアスパークル
39%
ヒーリングっど♡プリキュア キュアフォンテーヌ
37%
スター☆トゥインクルプリキュア キュアセレーネ
35%
No matching quizzes found
Score Distribution
Percent of People with Each Score
Percentile by Number Answered
Your Score History
You have not taken this quiz